000 00354nam a22001457a 4500
008 230517b ||||| |||| 00| 0 eng d
020 _a9780721691312
041 _aeng
080 _2SECOND EDITION
_a616.05
082 _a616.05KLI
100 _a14
101 _aPEDIARTI
245 _aPEDIATRIC DIAGNOSIS AND THERAPY
_cKLIEGMAN .M.R
942 _2udc
_cBK
999 _c59764
_d59764